[Event "Hillerod Byturnering Mesterklassen 2013"]
[Site "Hillerod"]
[Date "2013.04.30"]
[Round "1"]
[White "Andersen, Ib Hother"]
[Black "Tandrup, Michael"]
[Result "1/2-1/2"]
[WhiteElo "2093"]
[BlackElo "1933"]
[PlyCount "50"]
[EventDate "2013.??.??"]

1. e4 e6 2. d4 d5 3. Nc3 Nf6 4. e5 Nfd7 5. f4 c5 6. Nf3 Nc6 7. Be3 cxd4 8. Nxd4
a6 9. Qd2 Nxd4 10. Bxd4 Bc5 11. O-O-O Qc7 12. Qf2 Bxd4 13. Qxd4 Qc5 14. Qxc5
Nxc5 15. Bd3 Bd7 16. Ne2 Bc6 17. Nd4 g6 18. Rhe1 Rc8 19. Re3 Ke7 20. Be2 h5 21.
Rc3 Ne4 22. Nxc6+ Rxc6 23. Rxc6 bxc6 24. Bxa6 Ra8 25. Bd3 Nf2 1/2-1/2

[Event "Hillerod Byturnering Mesterklassen 2013"]
[Site "Hillerod"]
[Date "2013.04.30"]
[Round "1"]
[White "Kristensen, Leif E"]
[Black "Poulsen, Morten"]
[Result "1/2-1/2"]
[WhiteElo "1981"]
[BlackElo "1979"]
[PlyCount "30"]
[EventDate "2013.??.??"]

1. e4 e5 2. Nf3 Nc6 3. Bb5 a6 4. Ba4 Nf6 5. O-O b5 6. Bb3 Be7 7. Re1 O-O 8. c3
d5 9. d3 Bb7 10. Nbd2 dxe4 11. Nxe4 Nxe4 12. dxe4 Qxd1 13. Rxd1 Bd6 14. Bd5 Na5
15. Bxb7 Nxb7 1/2-1/2

[Event "Hillerod Byturnering Mesterklassen 2013"]
[Site "Hillerod"]
[Date "2013.06.11"]
[Round "1"]
[White "Pedersen, Christopher RNH"]
[Black "Percivaldi, Martin"]
[Result "0-1"]
[WhiteElo "2014"]
[BlackElo "2167"]
[PlyCount "54"]
[EventDate "2013.??.??"]

1. e4 e6 2. d4 d5 3. Nc3 Nf6 4. Bg5 Bb4 5. e5 h6 6. Be3 Ne4 7. Qg4 Kf8 8. a3
Bxc3+ 9. bxc3 Nxc3 10. Bd3 Na4 11. h4 Nb2 12. Rh3 Nxd3+ 13. cxd3 c5 14. dxc5
Nc6 15. Nf3 Qa5+ 16. Bd2 Qxc5 17. Rc1 Qb6 18. h5 Qb2 19. Rg3 Rg8 20. Qh4 Ke8
21. d4 Bd7 22. Bxh6 Ne7 23. Bd2 Nf5 24. Qg5 Bb5 25. Rh3 Kd7 26. Nh4 Rac8 27.
Rhc3 Rxc3 0-1

[Event "Hillerod Byturnering Mesterklassen 2013"]
[Site "Hillerod"]
[Date "2013.06.11"]
[Round "1"]
[White "Sorensen, Per Settergren"]
[Black "Jacobsen, Hans Endrup"]
[Result "1/2-1/2"]
[WhiteElo "1949"]
[BlackElo "1950"]
[PlyCount "77"]
[EventDate "2013.??.??"]

1. d4 Nf6 2. Nf3 e6 3. c4 Bb4+ 4. Bd2 Qe7 5. g3 O-O 6. Nc3 c5 7. a3 Bxc3 8.
Bxc3 Ne4 9. Rc1 d6 10. Bg2 Nxc3 11. Rxc3 e5 12. dxe5 dxe5 13. O-O Nc6 14. e3
Bg4 15. Qc2 Rad8 16. Nd2 Qd7 17. Ne4 b6 18. Qa4 Ne7 19. Qxd7 Rxd7 20. b4 cxb4
21. axb4 Rfd8 22. h3 Be2 23. Re1 Rd1 24. Rxd1 Rxd1+ 25. Kh2 f5 26. Rc2 Bd3 27.
Rd2 Rxd2 28. Nxd2 e4 29. g4 g6 30. gxf5 gxf5 31. f3 Nc6 32. fxe4 Nxb4 33. exf5
Bxf5 34. Kg3 Kf7 35. Kf4 Ke6 36. e4 Bg6 37. Bf1 a5 38. c5 bxc5 39. Bb5 1/2-1/2

[Event "Hillerod Byturnering Mesterklassen 2013"]
[Site "Hillerod"]
[Date "2013.05.07"]
[Round "2"]
[White "Jacobsen, Hans Endrup"]
[Black "Tandrup, Michael"]
[Result "0-1"]
[WhiteElo "1950"]
[BlackElo "1933"]
[PlyCount "98"]
[EventDate "2013.??.??"]

1. d4 Nf6 2. c4 e6 3. Nf3 d5 4. Nc3 c6 5. e3 Nbd7 6. Bd3 Bd6 7. O-O O-O 8. b3
dxc4 9. bxc4 e5 10. Qc2 exd4 11. exd4 Re8 12. Bg5 Nf8 13. Rfe1 Be7 14. Rab1
N6d7 15. Bf4 Ng6 16. Bg3 Nf6 17. d5 cxd5 18. Nb5 Rf8 19. Nc7 Rb8 20. Nxd5 Bd6
21. Bxg6 hxg6 22. Bxd6 Qxd6 23. Ne7+ Kh8 24. Rbd1 Qb4 25. Rd4 Bg4 26. c5 Qa5
27. Re3 Bxf3 28. gxf3 Qa6 29. Rh4+ Nh5 30. Re5 f5 31. c6 Kh7 32. c7 Ra8 33.
c8=Q Raxc8 34. Nxc8 Qf6 35. Rxh5+ gxh5 36. Rc5 Qg5+ 37. Kf1 Qh4 38. Rxf5 Qh3+
39. Kg1 Qxf5 40. Qxf5+ Rxf5 41. Nxa7 Rxf3 42. Nb5 Rf4 43. a3 Rf3 44. a4 Rb3 45.
Kg2 Rb4 46. Nd6 Kg6 47. a5 Kf6 48. Ne8+ Kf7 49. Nc7 Ra4 0-1

[Event "Hillerod Byturnering Mesterklassen 2013"]
[Site "Hillerod"]
[Date "2013.05.07"]
[Round "2"]
[White "Poulsen, Morten"]
[Black "Andersen, Ib Hother"]
[Result "1/2-1/2"]
[WhiteElo "1979"]
[BlackElo "2093"]
[PlyCount "55"]
[EventDate "2013.??.??"]

1. e4 e5 2. Nf3 Nc6 3. Bc4 Nf6 4. d3 Be7 5. Qe2 d6 6. c3 O-O 7. Nbd2 Na5 8. Bb5
a6 9. Ba4 b5 10. Bc2 c5 11. Nf1 Qc7 12. Ng3 Nc6 13. O-O Re8 14. h3 Rb8 15. Nh2
d5 16. Nh5 dxe4 17. Nxf6+ Bxf6 18. dxe4 Be6 19. Ng4 Be7 20. Ne3 Bf8 21. a4 c4
22. axb5 axb5 23. Rd1 Rbd8 24. Nf5 Rxd1+ 25. Qxd1 Rd8 26. Qf3 Ne7 27. Nxe7+
Bxe7 28. Be3 1/2-1/2

[Event "Hillerod Byturnering Mesterklassen 2013"]
[Site "Hillerod"]
[Date "2013.05.07"]
[Round "2"]
[White "Sorensen, Per Settergren"]
[Black "Pedersen, Christopher RNH"]
[Result "1-0"]
[WhiteElo "1949"]
[BlackElo "2014"]
[PlyCount "51"]
[EventDate "2013.??.??"]

1. d4 Nf6 2. Nf3 g6 3. c4 Bg7 4. Nc3 d6 5. g3 O-O 6. Bg2 Nc6 7. O-O e5 8. d5
Na5 9. Nd2 c5 10. Qc2 a6 11. e4 Bd7 12. b3 Nh5 13. Bb2 f5 14. exf5 gxf5 15. f4
exf4 16. gxf4 Bd4+ 17. Kh1 Qe8 18. Nf3 Nxf4 19. Nxd4 cxd4 20. Rxf4 Qe5 21. Raf1
Rae8 22. Nd1 Qe2 23. Qc1 b5 24. Bxd4 bxc4 25. Qc3 Nb7 26. Qg3+ 1-0

[Event "Hillerod Byturnering Mesterklassen 2013"]
[Site "Hillerod"]
[Date "2013.05.14"]
[Round "3"]
[White "Andersen, Ib Hother"]
[Black "Percivaldi, Martin"]
[Result "0-1"]
[WhiteElo "2093"]
[BlackElo "2167"]
[PlyCount "44"]
[EventDate "2013.??.??"]

1. e4 e6 2. d4 d5 3. Nd2 Nc6 4. Ngf3 Nf6 5. e5 Nd7 6. c3 f6 7. exf6 Qxf6 8. Bb5
a6 9. Ba4 Bd6 10. O-O O-O 11. Qe2 b5 12. Bc2 Bb7 13. Re1 e5 14. Bb3 Kh8 15.
Bxd5 Nxd4 16. cxd4 Bxd5 17. dxe5 Nxe5 18. Nxe5 Bxe5 19. Nf1 Rae8 20. Ne3 Bb7
21. a4 Qh4 22. g3 Qe4 0-1

[Event "Hillerod Byturnering Mesterklassen 2013"]
[Site "Hillerod"]
[Date "2013.05.14"]
[Round "3"]
[White "Kristensen, Leif E"]
[Black "Sorensen, Per Settergren"]
[Result "1-0"]
[WhiteElo "1981"]
[BlackElo "1949"]
[PlyCount "91"]
[EventDate "2013.??.??"]

1. Nf3 Nf6 2. g3 c5 3. c4 Nc6 4. Bg2 e5 5. Nc3 g6 6. d3 h6 7. O-O Bg7 8. a3 d6
9. Ne1 O-O 10. Nc2 a5 11. f4 Be6 12. e4 Qd7 13. Nd5 Bg4 14. Nxf6+ Bxf6 15. Qe1
Bg7 16. Be3 Be6 17. Bd2 Rfb8 18. Bc3 a4 19. Ne3 Ne7 20. Nd5 Bxd5 21. cxd5 b5
22. fxe5 dxe5 23. Qf2 b4 24. Qxf7+ Kh8 25. Bd2 Rf8 26. Qe6 Qxe6 27. dxe6 Nc6
28. Rac1 bxa3 29. bxa3 Nd4 30. Rxc5 Nxe6 31. Rc6 Rxf1+ 32. Kxf1 Nf8 33. Bc3 Rb8
34. Bb4 Kh7 35. Bh3 Rd8 36. Ke2 h5 37. Ra6 Rb8 38. Rxa4 Rb6 39. Ra7 Ne6 40.
Bxe6 Rxe6 41. Bf8 Rc6 42. Bxg7 Rc2+ 43. Ke3 Rxh2 44. Bxe5+ Kg8 45. Rg7+ Kf8 46.
Rxg6 1-0

[Event "Hillerod Byturnering Mesterklassen 2013"]
[Site "Hillerod"]
[Date "2013.05.14"]
[Round "3"]
[White "Pedersen, Christopher RNH"]
[Black "Jacobsen, Hans Endrup"]
[Result "1-0"]
[WhiteElo "2014"]
[BlackElo "1950"]
[PlyCount "96"]
[EventDate "2013.??.??"]

1. e4 e6 2. d4 d5 3. Nc3 dxe4 4. Nxe4 Nd7 5. Nf3 Ngf6 6. Nxf6+ Nxf6 7. Be3 Be7
8. Bd3 O-O 9. c3 b6 10. Qc2 Bb7 11. Ne5 c5 12. O-O-O Qc8 13. dxc5 bxc5 14. c4
h6 15. Rhg1 Qc7 16. f4 Bd6 17. Rde1 Bxe5 18. fxe5 Qxe5 19. Bxh6 Qh5 20. Bf4 Qg4
21. Qf2 Rfd8 22. h3 Qh5 23. Bc2 Rac8 24. Re5 Qh8 25. Rxc5 Be4 26. Rxc8 Rxc8 27.
Bxe4 Nxe4 28. Qd4 Qh7 29. Re1 Nc5 30. Re3 Qf5 31. g4 Qg6 32. b4 e5 33. Bxe5 Ne6
34. Qe4 Qg5 35. Kd2 Qh4 36. c5 Rd8+ 37. Bd6 Qf2+ 38. Re2 Qf6 39. Qe5 Qf3 40.
Qe3 Qd5+ 41. Kc3 a5 42. Rd2 axb4+ 43. Kxb4 Qb7+ 44. Kc3 Qa7 45. Kb2 Qb7+ 46.
Kc1 Qb5 47. Qb3 Qf1+ 48. Kb2 Qe1 1-0

[Event "Hillerod Byturnering Mesterklassen 2013"]
[Site "Hillerod"]
[Date "2013.05.14"]
[Round "3"]
[White "Tandrup, Michael"]
[Black "Poulsen, Morten"]
[Result "1-0"]
[WhiteElo "1933"]
[BlackElo "1979"]
[PlyCount "67"]
[EventDate "2013.??.??"]

1. c4 e5 2. g3 g6 3. Bg2 Bg7 4. Nc3 Nc6 5. e4 d6 6. Nge2 f5 7. d3 Nf6 8. O-O
fxe4 9. dxe4 Be6 10. Nd5 Qd7 11. Bg5 O-O 12. Qd2 Bh3 13. Bxh3 Qxh3 14. Bxf6
Bxf6 15. Nxc7 Rad8 16. Qd5+ Kh8 17. Qe6 Qh5 18. f3 Qg5 19. Rad1 Nb4 20. Nd5
Nxd5 21. Rxd5 Qe3+ 22. Rf2 Rde8 23. Qxd6 Rd8 24. Qc5 Bg5 25. f4 Qxc5 26. Rxc5
Rd1+ 27. Kg2 Bd8 28. Rxe5 Bf6 29. Rb5 b6 30. e5 Be7 31. Rd5 Rd8 32. Nc3 Rd4 33.
Rxd8+ Bxd8 34. b3 1-0

[Event "Hillerod Byturnering Mesterklassen 2013"]
[Site "Hillerod"]
[Date "2013.06.10"]
[Round "4"]
[White "Jacobsen, Hans Endrup"]
[Black "Poulsen, Morten"]
[Result "0-1"]
[WhiteElo "1950"]
[BlackElo "1979"]
[PlyCount "121"]
[EventDate "2013.??.??"]

1. e4 e5 2. Nf3 Nc6 3. Bb5 a6 4. Ba4 Nf6 5. O-O b5 6. Bb3 Be7 7. Re1 O-O 8. h3
Bb7 9. d3 h6 10. Nc3 Re8 11. Ne2 Bf8 12. c3 Na5 13. Bc2 c5 14. Ng3 Nc6 15. d4
d6 16. a4 Qc7 17. Qe2 b4 18. d5 Ne7 19. a5 bxc3 20. bxc3 Bc8 21. Nd2 Bd7 22.
Bd3 Ra7 23. Nc4 Rb8 24. f4 exf4 25. Bxf4 Ng6 26. Be3 Bb5 27. Rf1 Nd7 28. Nf5
Nde5 29. Nxe5 Nxe5 30. c4 Be8 31. Bf4 Ng6 32. Bg3 Rab7 33. Ra2 Rb3 34. Rf3 Bd7
35. Re3 f6 36. Qg4 Bxf5 37. exf5 Ne5 38. Bxe5 dxe5 39. Qe4 Rb2 40. Re2 Rxa2 41.
Rxa2 Rb4 42. Qe2 Qb8 43. Qc2 Bd6 44. Be4 Rb3 45. Qd1 Qb4 46. Bc2 Ra3 47. Rxa3
Qxa3 48. Qd2 Qa2 49. Kf1 Qxc4+ 50. Bd3 Qb4 51. Qxb4 cxb4 52. Bxa6 Bc7 53. Bc4
Bxa5 54. Ke2 Kf8 55. Kd3 Ke7 56. g4 Kd6 57. Bb3 Kc5 58. Ba2 Kb5 59. Bb3 Bc7 60.
Ke4 Bd6 61. Kd3 0-1

[Event "Hillerod Byturnering Mesterklassen 2013"]
[Site "Hillerod"]
[Date "2013.05.21"]
[Round "4"]
[White "Pedersen, Christopher RNH"]
[Black "Kristensen, Leif E"]
[Result "1-0"]
[WhiteElo "2014"]
[BlackElo "1981"]
[PlyCount "81"]
[EventDate "2013.??.??"]

1. e4 e5 2. Nf3 Nc6 3. Bb5 f5 4. d4 fxe4 5. Bxc6 bxc6 6. Nxe5 Nf6 7. O-O Be7 8.
Nc3 O-O 9. Qe2 Qe8 10. Nxe4 d6 11. Qc4+ Kh8 12. Nxf6 Bxf6 13. Qxc6 Qxc6 14.
Nxc6 Bf5 15. c3 Be4 16. Na5 Rab8 17. Re1 Bd5 18. Nb3 h5 19. Nd2 Rfe8 20. Rxe8+
Rxe8 21. Kf1 Bb7 22. Nf3 Ba6+ 23. Kg1 Re2 24. b3 Bb7 25. Be3 Rc2 26. Rc1 Rxa2
27. Nd2 Kh7 28. h3 Kg6 29. g4 hxg4 30. hxg4 Bc8 31. f3 a5 32. Kg2 d5 33. Kg3 a4
34. bxa4 Rxa4 35. c4 Ra3 36. Bf4 Bxd4 37. cxd5 Rc3 38. Rd1 Bb6 39. Ne4 Rc2 40.
d6 c5 41. d7 1-0

[Event "Hillerod Byturnering Mesterklassen 2013"]
[Site "Hillerod"]
[Date "2013.05.21"]
[Round "4"]
[White "Percivaldi, Martin"]
[Black "Tandrup, Michael"]
[Result "1/2-1/2"]
[WhiteElo "2167"]
[BlackElo "1933"]
[PlyCount "83"]
[EventDate "2013.??.??"]

1. d4 Nf6 2. c4 g6 3. g3 Bg7 4. Bg2 O-O 5. Nc3 d6 6. Nf3 Nc6 7. O-O e5 8. d5
Ne7 9. e4 Nd7 10. Ne1 f5 11. Nd3 Nf6 12. Bg5 Nxe4 13. Nxe4 fxe4 14. Bxe4 Bh3
15. Re1 Qd7 16. Bd2 Nf5 17. Bc3 Rae8 18. Rc1 Bh6 19. Rc2 Ng7 20. Bg2 Bxg2 21.
Kxg2 Rf7 22. Rce2 Qf5 23. f4 Ref8 24. Rf2 exf4 25. Nxf4 Nh5 26. Nh3 Qd7 27.
Rxf7 Qxf7 28. Qe2 Qf5 29. Nf2 Bg7 30. Bxg7 Kxg7 31. Nd3 Kg8 32. b3 a6 33. Rf1
Qxf1+ 34. Qxf1 Rxf1 35. Kxf1 g5 36. Ke2 Kf7 37. Kf3 Kg6 38. b4 Nf6 39. a4 Kf5
40. a5 h5 41. Nf2 Nd7 42. Nd3 1/2-1/2

[Event "Hillerod Byturnering Mesterklassen 2013"]
[Site "Hillerod"]
[Date "2013.05.21"]
[Round "4"]
[White "Sorensen, Per Settergren"]
[Black "Andersen, Ib Hother"]
[Result "1/2-1/2"]
[WhiteElo "1949"]
[BlackElo "2093"]
[PlyCount "39"]
[EventDate "2013.??.??"]

1. d4 Nf6 2. Nf3 e6 3. c4 Bb4+ 4. Nc3 b6 5. Bd2 Bb7 6. e3 O-O 7. Bd3 d6 8. Qc2
Nbd7 9. a3 Bxc3 10. Bxc3 Qe7 11. O-O Bxf3 12. gxf3 e5 13. Kh1 Rfe8 14. Rg1 c5
15. d5 Nf8 16. Rg2 Red8 17. Rag1 g6 18. b3 N6d7 19. f4 Re8 20. Bb2 1/2-1/2

[Event "Hillerod Byturnering Mesterklassen 2013"]
[Site "Hillerod"]
[Date "2013.05.27"]
[Round "5"]
[White "Kristensen, Leif E"]
[Black "Jacobsen, Hans Endrup"]
[Result "1/2-1/2"]
[WhiteElo "1981"]
[BlackElo "1950"]
[PlyCount "120"]
[EventDate "2013.??.??"]

1. Nf3 d5 2. c4 Nf6 3. b3 Bf5 4. Bb2 e6 5. g3 Be7 6. Bg2 O-O 7. O-O h6 8. d3 c6
9. Nbd2 Nbd7 10. Re1 Qb6 11. cxd5 exd5 12. Nd4 Bh7 13. Bh3 Bc5 14. N2f3 Rfe8
15. e3 Bf8 16. Ne2 g5 17. Bg2 Bg7 18. h3 Qa6 19. Nc1 Rac8 20. g4 c5 21. Bf1 Qb6
22. a4 Qe6 23. Ne2 Re7 24. Ng3 Ne8 25. Bxg7 Nxg7 26. Rc1 f5 27. Nd4 Qf6 28.
Ndxf5 Nxf5 29. Nxf5 Bxf5 30. gxf5 Qxf5 31. d4 Rf8 32. Rc2 cxd4 33. Bg2 d3 34.
Rd2 Nc5 35. Qg4 Ref7 36. Qxf5 Rxf5 37. f3 a5 38. e4 dxe4 39. fxe4 Re5 40. Rb1
Rd8 41. b4 Nxe4 42. Bxe4 Rxe4 43. bxa5 Rxa4 44. Rxb7 Rxa5 45. Kf2 Rad5 46. Ke3
R8d7 47. Rb4 Kg7 48. h4 Kg6 49. hxg5 hxg5 50. Kf3 Kf5 51. Ra4 Rd4 52. Ra3 g4+
53. Kg3 Ke4 54. Raa2 Ke3 55. Kg2 Rc7 56. Kg3 Rdc4 57. Rd1 Rc2 58. Ra8 Ke2 59.
Rh1 Re7 60. Kxg4 d2 1/2-1/2

[Event "Hillerod Byturnering Mesterklassen 2013"]
[Site "Hillerod"]
[Date "2013.05.28"]
[Round "5"]
[White "Poulsen, Morten"]
[Black "Percivaldi, Martin"]
[Result "0-1"]
[WhiteElo "1979"]
[BlackElo "2167"]
[PlyCount "68"]
[EventDate "2013.??.??"]

1. e4 e6 2. d4 d5 3. Nc3 Nf6 4. Bg5 Bb4 5. e5 h6 6. Bd2 Bxc3 7. bxc3 Ne4 8. Qg4
Kf8 9. Bd3 Nxd2 10. Kxd2 c5 11. Nf3 c4 12. Be2 Nc6 13. h4 Rb8 14. h5 b5 15. a3
a5 16. Rh3 Qe7 17. Nh4 Rg8 18. f4 b4 19. axb4 axb4 20. Qf3 Na7 21. f5 Nb5 22.
fxe6 Qg5+ 23. Ke1 Bxe6 24. Ng6+ Ke8 25. Rg3 Qf5 26. Nf4 Nxc3 27. Bxc4 dxc4 28.
Ra8 Kd7 29. Ra7+ Kd8 30. Ra8 Kc7 31. Rxb8 Kxb8 32. Qc6 Qe4+ 33. Qxe4 Nxe4 34.
Re3 Nc3 0-1

[Event "Hillerod Byturnering Mesterklassen 2013"]
[Site "Hillerod"]
[Date "2013.05.28"]
[Round "5"]
[White "Tandrup, Michael"]
[Black "Sorensen, Per Settergren"]
[Result "1/2-1/2"]
[WhiteElo "1933"]
[BlackElo "1949"]
[PlyCount "21"]
[EventDate "2013.??.??"]

1. d4 Nf6 2. Nf3 e6 3. g3 c5 4. c3 Nc6 5. Bg2 d5 6. O-O Be7 7. Nbd2 O-O 8. dxc5
Bxc5 9. Nb3 Be7 10. Nbd4 Qb6 11. Qb3 1/2-1/2

[Event "Hillerod Byturnering Mesterklassen 2013"]
[Site "Hillerod"]
[Date "2013.06.04"]
[Round "6"]
[White "Jacobsen, Hans Endrup"]
[Black "Percivaldi, Martin"]
[Result "0-1"]
[WhiteElo "1950"]
[BlackElo "2167"]
[PlyCount "56"]
[EventDate "2013.??.??"]

1. e4 e6 2. d4 d5 3. Nc3 Nf6 4. Bg5 Bb4 5. Nge2 dxe4 6. a3 Be7 7. Bxf6 gxf6 8.
Nxe4 f5 9. N4c3 c6 10. Qd2 b6 11. O-O-O Bb7 12. Kb1 Nd7 13. Qf4 Nf6 14. f3 Qd6
15. Qxd6 Bxd6 16. Nc1 O-O-O 17. Nd3 Rhg8 18. Kc1 Rg7 19. Ne5 Nd7 20. f4 Nf6 21.
g3 c5 22. Rg1 cxd4 23. Nb5 Bxe5 24. fxe5 Ng4 25. Nxa7+ Kb8 26. Nb5 Nxh2 27.
Nxd4 Rxd4 28. Rxd4 Nf3 0-1

[Event "Hillerod Byturnering Mesterklassen 2013"]
[Site "Hillerod"]
[Date "2013.06.04"]
[Round "6"]
[White "Kristensen, Leif E"]
[Black "Andersen, Ib Hother"]
[Result "0-1"]
[WhiteElo "1981"]
[BlackElo "2093"]
[PlyCount "100"]
[EventDate "2013.??.??"]

1. e4 e5 2. Nf3 Nc6 3. d4 exd4 4. Nxd4 Nf6 5. Nxc6 bxc6 6. Bg5 h6 7. Bh4 g5 8.
Bg3 Nxe4 9. Qd4 Nxg3 10. hxg3 Qe7+ 11. Kd1 Rg8 12. Nc3 Qd6 13. Qxd6 cxd6 14.
Ne4 Kd8 15. Bd3 Rg6 16. g4 Rb8 17. b3 Re6 18. Kd2 Bg7 19. Raf1 Be5 20. g3 d5
21. Nc5 Rf6 22. Be2 Bd6 23. Nd3 Ba6 24. c3 Kc7 25. Nc1 Bb7 26. Bd3 c5 27. Rh2
Re8 28. Bf5 a5 29. Nd3 a4 30. bxa4 Ra8 31. Nb2 Bc6 32. Rfh1 Bf8 33. Bc2 d4 34.
Rf1 dxc3+ 35. Kxc3 Bg7 36. Kd2 Bf3 37. Kc1 Bxg4 38. Nd3 d6 39. f4 Re8 40. Rhf2
Bh3 41. fxg5 Rxf2 42. Rxf2 Be6 43. gxh6 Bxh6+ 44. Nf4 Bxa2 45. Bd3 Bb3 46. Bb5
Re3 47. Kb2 Bg7+ 48. Kc1 Rxg3 49. Nd3 Bc3 50. Rf1 Kb6 0-1

[Event "Hillerod Byturnering Mesterklassen 2013"]
[Site "Hillerod"]
[Date "2013.06.04"]
[Round "6"]
[White "Pedersen, Christopher RNH"]
[Black "Tandrup, Michael"]
[Result "1-0"]
[WhiteElo "2014"]
[BlackElo "1933"]
[PlyCount "63"]
[EventDate "2013.??.??"]

1. e4 e6 2. d4 d5 3. Nc3 Nf6 4. e5 Nfd7 5. f4 c5 6. Nf3 Nc6 7. Be3 a6 8. Qd2 b5
9. dxc5 Bxc5 10. Bxc5 Nxc5 11. b4 Nd7 12. a4 bxa4 13. Nxa4 O-O 14. Bd3 f6 15.
Qc3 Ne7 16. O-O fxe5 17. Ng5 Nf6 18. fxe5 Ne4 19. Rxf8+ Qxf8 20. Bxe4 dxe4 21.
Rf1 Qe8 22. Nc5 Nd5 23. Qh3 h6 24. Ngxe4 Nxb4 25. Qg3 Kh7 26. Nd6 Qg6 27. Qf3
Ra7 28. Nxc8 Rc7 29. Qf8 Qg5 30. Nxe6 Qe3+ 31. Kh1 Rd7 32. Qxb4 1-0

[Event "Hillerod Byturnering Mesterklassen 2013"]
[Site "Hillerod"]
[Date "2013.06.04"]
[Round "6"]
[White "Sorensen, Per Settergren"]
[Black "Poulsen, Morten"]
[Result "1/2-1/2"]
[WhiteElo "1949"]
[BlackElo "1979"]
[PlyCount "103"]
[EventDate "2013.??.??"]

1. Nf3 Nf6 2. d4 g6 3. e3 Bg7 4. Bd3 d6 5. O-O O-O 6. c4 Nbd7 7. Nc3 e5 8. Qc2
Re8 9. d5 Nc5 10. e4 Nxd3 11. Qxd3 h6 12. h3 Nh5 13. Be3 g5 14. Qd1 Nf4 15. Ne1
a6 16. f3 Kh7 17. Nd3 Rg8 18. Nf2 Qf6 19. Rc1 Bf8 20. b4 h5 21. g4 Be7 22. Rc2
Qh6 23. Kh2 Bd7 24. Rh1 Rg7 25. Kg1 Rh8 26. Qf1 Kg8 27. a4 Rgh7 28. Bxf4 gxf4
29. Qg2 Rg7 30. Kf1 Bh4 31. Rc1 Qg6 32. Ke2 Be7 33. Rcg1 h4 34. a5 Kh7 35. Ra1
c6 36. Rhc1 Rgg8 37. Qg1 Rb8 38. Nd3 Rhc8 39. Qf2 Qg5 40. Nb2 Bd8 41. Nba4 cxd5
42. Nxd5 Be6 43. Kf1 Bxd5 44. cxd5 Qe7 45. Rc2 Qd7 46. Rac1 Rxc2 47. Qxc2 Qb5+
48. Kg2 Qxb4 49. Nb2 Bxa5 50. Nd3 Qd2+ 51. Qxd2 Bxd2 52. Rc7 1/2-1/2

[Event "Hillerod Byturnering Mesterklassen 2013"]
[Site "Hillerod"]
[Date "2013.06.18"]
[Round "7"]
[White "Andersen, Ib Hother"]
[Black "Jacobsen, Hans Endrup"]
[Result "1-0"]
[WhiteElo "2093"]
[BlackElo "1950"]
[PlyCount "139"]
[EventDate "2013.??.??"]

1. e4 e6 2. d4 d5 3. Nc3 Nf6 4. e5 Nfd7 5. f4 c5 6. Nf3 Nc6 7. Be3 a6 8. Qd2
Be7 9. Be2 O-O 10. O-O b5 11. Nd1 cxd4 12. Nxd4 Nxd4 13. Bxd4 Qc7 14. c3 f6 15.
exf6 Nxf6 16. Nf2 Bd6 17. Nd3 Ne4 18. Qe3 Bb7 19. g3 Rae8 20. Bf3 Nf6 21. Ne5
Nd7 22. Nxd7 Qxd7 23. Rae1 Qc6 24. h4 a5 25. b3 Re7 26. Rc1 Qa6 27. Rfe1 a4 28.
b4 Bc6 29. Bd1 Be8 30. Bc2 Qc6 31. Re2 Bh5 32. Rf2 Bg4 33. Re1 Qe8 34. Bc5 Qc6
35. Bd4 Qe8 36. Bd3 Bf5 37. Rfe2 Bxd3 38. Qxd3 Qd7 39. Re3 Rfe8 40. Qe2 Qc7 41.
Qxb5 a3 42. Kg2 Kf7 43. Qd3 g6 44. h5 Qb8 45. hxg6+ hxg6 46. Rh1 Rg8 47. Rh7+
Ke8 48. Rxe7+ Kxe7 49. Be5 Bxe5 50. Rxe5 Kf7 51. Qa6 Qc8 52. Qa7+ Kf6 53. Qd4
Kf7 54. Qa7+ Kf6 55. g4 g5 56. Qd4 gxf4 57. Rh5+ Ke7 58. Rh7+ Kd6 59. Qxf4+ Kc6
60. b5+ Kxb5 61. Qb4+ Kc6 62. Qa4+ Kd6 63. Qxa3+ Ke5 64. Qb4 Qa6 65. Rh5+ Kf6
66. Qf4+ Ke7 67. Rh7+ Kd8 68. Qb8+ Qc8 69. Qd6+ Ke8 70. Qe7# 1-0

[Event "Hillerod Byturnering Mesterklassen 2013"]
[Site "Hillerod"]
[Date "2013.06.18"]
[Round "7"]
[White "Percivaldi, Martin"]
[Black "Sorensen, Per Settergren"]
[Result "0-1"]
[WhiteElo "2167"]
[BlackElo "1949"]
[PlyCount "150"]
[EventDate "2013.??.??"]

1. d4 e6 2. c4 b6 3. Nf3 Bb7 4. g3 Bb4+ 5. Bd2 Bxf3 6. exf3 Bxd2+ 7. Qxd2 d5 8.
Bg2 Ne7 9. f4 c6 10. O-O O-O 11. b3 Nd7 12. Nc3 Nf6 13. Rac1 Qd7 14. Rfd1 Rac8
15. c5 b5 16. b4 Ra8 17. a4 a6 18. Ra1 Qb7 19. Ra2 Rfb8 20. axb5 axb5 21. Rda1
Rxa2 22. Qxa2 Ne8 23. Qa7 Nc7 24. Qxb7 Rxb7 25. Ne2 h5 26. Nc1 Nc8 27. Nd3 Ra7
28. Rxa7 Nxa7 29. Kf1 Nc8 30. Bh3 Ne7 31. Ke2 f6 32. Ke3 Kf7 33. f3 g6 34. Ke2
Ne8 35. Nc1 Ng7 36. Nb3 Ke8 37. Kd3 Kd7 38. Nd2 Ng8 39. Nf1 Nh6 40. Ne3 h4 41.
g4 Nf7 42. Nc2 g5 43. fxg5 Nxg5 44. Bg2 e5 45. Ke3 N7e6 46. dxe5 fxe5 47. Bf1
d4+ 48. Kf2 Nf4 49. Ne1 Ke6 50. Bd3 Kd5 51. Bf1 Ke6 52. Bd3 Kf6 53. Bf5 Ke7 54.
Be4 Kd7 55. Bf5+ Kc7 56. Bd3 Nd5 57. Nc2 Ne6 58. Be4 Nc3 59. Ne1 Ng5 60. Bf5
Nh3+ 61. Kf1 Nf4 62. g5 Nd1 63. Be4 Ne3+ 64. Kf2 Nh3+ 65. Ke2 Nxg5 66. Nd3 Nc4
67. Bf5 Kd8 68. Be4 Kd7 69. Bf5+ Ke7 70. Nf2 Ne3 71. Be4 Nxe4 72. Nxe4 Nc2 73.
f4 Ke6 74. fxe5 Kxe5 75. Ng5 Kf4 0-1

[Event "Hillerod Byturnering Mesterklassen 2013"]
[Site "Hillerod"]
[Date "2013.06.18"]
[Round "7"]
[White "Poulsen, Morten"]
[Black "Pedersen, Christopher RNH"]
[Result "1-0"]
[WhiteElo "1979"]
[BlackElo "2014"]
[PlyCount "91"]
[EventDate "2013.??.??"]

1. e4 c5 2. Nc3 g6 3. g3 Bg7 4. Bg2 h5 5. h3 d6 6. d3 Nc6 7. Be3 e6 8. Qd2 b5
9. Nxb5 Rb8 10. e5 Nxe5 11. Na3 Rxb2 12. f4 Nd7 13. Nc4 d5 14. Nxb2 Bxb2 15.
Rb1 Qb6 16. Ne2 d4 17. Bf2 Ngf6 18. O-O O-O 19. c3 dxc3 20. Nxc3 Bxc3 21. Qxc3
Qd6 22. Rfd1 Nd5 23. Qb2 h4 24. Qd2 hxg3 25. Bxg3 N7f6 26. Bh2 Qa6 27. Qb2 Nh5
28. Qd2 Qa4 29. Re1 Ba6 30. Re4 Qd7 31. Rb3 Ndf6 32. Re1 Rd8 33. Qe3 Qa4 34.
Qxc5 Qxa2 35. Ra3 Qd2 36. Qc1 Qxc1 37. Rxc1 Rxd3 38. Rxa6 Nd5 39. Bxd5 Rxd5 40.
Rxa7 Rf5 41. Ra4 Kg7 42. Kg2 Rb5 43. Rac4 Kf6 44. Kf3 Ng7 45. Bg1 Rh5 46. Bd4+
1-0

[Event "Hillerod Byturnering Mesterklassen 2013"]
[Site "Hillerod"]
[Date "2013.06.11"]
[Round "7"]
[White "Tandrup, Michael"]
[Black "Kristensen, Leif E"]
[Result "1-0"]
[WhiteElo "1933"]
[BlackElo "1981"]
[PlyCount "104"]
[EventDate "2013.??.??"]

1. c4 Nf6 2. g3 d5 3. Bg2 c6 4. b3 Bf5 5. Nf3 Nbd7 6. cxd5 cxd5 7. Bb2 Rc8 8.
d3 e6 9. Nbd2 Be7 10. O-O h6 11. Ne5 Nxe5 12. Bxe5 O-O 13. Nf3 Nd7 14. Bb2 Bf6
15. Qd2 Bxb2 16. Qxb2 Qb6 17. Rac1 Bh7 18. Bh3 Nc5 19. Qd2 a5 20. Ne5 Qd6 21.
Nf3 Qb6 22. Qe3 Qd6 23. Qe5 Qxe5 24. Nxe5 Na6 25. Nd7 Rfd8 26. Nb6 Rxc1 27.
Rxc1 g5 28. a3 Kg7 29. f4 gxf4 30. gxf4 Kf6 31. Kf2 Rd6 32. Nc8 Rd7 33. Ke3 d4+
34. Kf2 Rd5 35. Nb6 Rb5 36. Nc4 Rc5 37. Rb1 Nc7 38. Bg2 Nd5 39. Bxd5 Rxd5 40.
Ne5 Rb5 41. Nf3 Rd5 42. b4 b6 43. bxa5 Rxa5 44. Nxd4 Rxa3 45. Ke3 Ra5 46. Rxb6
Rh5 47. Nf3 Bf5 48. Rb5 Kg6 49. Kf2 f6 50. e4 Bg4 51. Rxh5 Bxh5 52. Nh4+ Kf7
1-0